[Event "Nordhausen op 13th"]
[Site "Nordhausen"]
[Date "2023.08.05"]
[Round "5"]
[White "Lorenz, Sebastian"]
[Black "Simukov, Erik"]
[Result "1-0"]
[WhiteElo "1924"]
[BlackElo "2127"]
[PlyCount "105"]
[EventDate "2023.08.03"]
[EventType "swiss"]
[EventRounds "7"]
[EventCountry "GER"]
[SourceTitle "CBM 215 Extra"]
[Source "ChessBase"]
[SourceDate "2023.09.30"]
[SourceVersion "1"]
[SourceVersionDate "2023.09.30"]
[SourceQuality "1"]

1. e4 e5 2. Nf3 Nc6 3. d4 exd4 4. Bc4 Bc5 5. c3 Nf6 6. e5 d5 7. Bb5 Ne4 8. cxd4 Bb6 9. Nbd2 0-0 10. Bxc6 bxc6 11. Qc2 Bf5 12. Qxc6 f6 13. Nb3 fxe5 14. Nxe5 Nxf2 15. 0-0 Rf6 16. Bg5 Rxc6 17. Bxd8 Re6 18. Rxf2 Rxe5 19. Bxc7 Bxc7 20. dxe5 Bb6 21. Kf1 Bxf2 22. Kxf2 Re8 23. Re1 Be4 24. Nc5 Rxe5 25. Nxe4 dxe4 26. Ke3 Kf7 27. Kd4 Rf5 28. Re2 Ra5 29. a3 Ke6 30. Rxe4+ Kd6 31. Re3 Rd5+ 32. Kc4 Rc5+ 33. Kb3 Rd5 34. Rc3 Re5 35. Rc2 g6 36. Ka4 Rd5 37. b4 Kd7 38. Rc5 Rd6 39. h3 h6 40. Rc2 Ra6+ 41. Kb3 Re6 42. a4 Rd6 43. b5 Rf6 44. Kb4 Re6 45. Ka5 h5 46. Rc6 Rxc6 47. bxc6+ Kxc6 48. Ka6 Kc5 49. Kxa7 h4 50. a5 Kc6 51. Ka6 g5 52. Ka7 Kc7 53. a6 1-0

[Event "Heusenstamm Sparkassen op 8th"]
[Site "Heusenstamm"]
[Date "2022.11.20"]
[Round "6"]
[White "Player, Edmund C"]
[Black "Simukov, Erik"]
[Result "1-0"]
[WhiteElo "2212"]
[BlackElo "2000"]
[PlyCount "107"]
[EventDate "2022.11.17"]
[EventType "swiss"]
[EventRounds "7"]
[EventCountry "GER"]
[SourceTitle "CBM 212 Extra"]
[Source "ChessBase"]
[SourceDate "2023.03.31"]
[SourceVersion "1"]
[SourceVersionDate "2023.03.31"]
[SourceQuality "1"]

1. e4 e5 2. Nf3 Nc6 3. Bb5 a6 4. Ba4 Nf6 5. 0-0 Be7 6. d3 b5 7. Bb3 d6 8. a3 0-0 9. Nc3 Bg4 10. Be3 Nd4 11. Bxd4 exd4 12. Nd5 Nxd5 13. Bxd5 Rc8 14. h3 Bd7 15. Nh2 c6 16. Bb3 d5 17. exd5 c5 18. Ba2 Bf6 19. Nf3 c4 20. Nd2 c3 21. bxc3 Rxc3 22. Bb3 a5 23. Ne4 Rc8 24. a4 Be5 25. f4 Bb8 26. axb5 Bxb5 27. Qd2 a4 28. Ba2 h6 29. Qb4 Be8 30. Bc4 f5 31. Ng3 Bd6 32. Qd2 Qe7 33. Rae1 Qc7 34. Ne2 Qb6 35. Rb1 Qa7 36. Ra1 a3 37. Kh1 Bf7 38. Qe1 Rfe8 39. Qf2 Rc5 40. Nxd4 Bxd5 41. Nxf5 Qd7 42. Nxd6 Qxd6 43. Bxd5+ Rxd5 44. Qa7 Re2 45. Rxa3 Rxc2 46. Ra6 Qc5 47. Qb8+ Qc8 48. Qb3 Rcc5 49. Rd6 Qa8 50. d4 Ra5 51. Rxd5 Rxd5 52. Re1 Kh7 53. Qe3 h5 54. Kh2 1-0

[Event "Heusenstamm Sparkassen op 8th"]
[Site "Heusenstamm"]
[Date "2022.11.19"]
[Round "4"]
[White "Haack, Kevin"]
[Black "Simukov, Erik"]
[Result "1-0"]
[WhiteElo "2219"]
[BlackElo "2000"]
[PlyCount "89"]
[EventDate "2022.11.17"]
[EventType "swiss"]
[EventRounds "7"]
[EventCountry "GER"]
[SourceTitle "CBM 212 Extra"]
[Source "ChessBase"]
[SourceDate "2023.03.31"]
[SourceVersion "1"]
[SourceVersionDate "2023.03.31"]
[SourceQuality "1"]

1. d4 d5 2. c4 e6 3. Nf3 Nf6 4. g3 Be7 5. Bg2 0-0 6. 0-0 c6 7. Nc3 Nbd7 8. Qd3 b6 9. e4 Ba6 10. b3 Rc8 11. e5 dxc4 12. bxc4 Nd5 13. a4 Nb4 14. Qe2 c5 15. Nb5 cxd4 16. Nfxd4 Nxe5 17. Nxe6 Qd3 18. Qxd3 Nbxd3 19. Nxf8 Bxf8 20. Ba3 Nxc4 21. Bxf8 Kxf8 22. Rfd1 Nc5 23. Nxa7 Rb8 24. Nc6 Re8 25. Nb4 Bb7 26. Bxb7 Nxb7 27. Nd5 Re6 28. Rac1 Nba5 29. Nf4 Re8 30. Rd4 Ne5 31. Rdd1 Nac4 32. Kg2 Nb2 33. Rd4 g5 34. Rc2 Nbc4 35. Nd3 Nxd3 36. Rxd3 Re4 37. f3 Re3 38. Rd8+ Ke7 39. Rb8 Ne5 40. Rxb6 Nxf3 41. Ra2 g4 42. a5 Ne5 43. a6 Rf3 44. a7 Nc4 45. Rb7+ 1-0

[Event "Vellmar op 11th"]
[Site "Vellmar"]
[Date "2019.07.07"]
[Round "7"]
[White "Simukov, Erik"]
[Black "Hahn, Florian"]
[Result "1/2-1/2"]
[WhiteElo "1893"]
[BlackElo "2138"]
[PlyCount "20"]
[EventDate "2019.07.04"]
[EventType "swiss"]
[EventRounds "7"]
[EventCountry "GER"]
[SourceTitle "CBM 191 Extra"]
[Source "ChessBase"]
[SourceDate "2019.09.30"]
[SourceVersion "1"]
[SourceVersionDate "2019.09.30"]
[SourceQuality "1"]

1. e4 c5 2. Nf3 g6 3. d4 cxd4 4. Nxd4 Nc6 5. c4 Nf6 6. Nc3 d6 7. Be2 Nxd4 8. Qxd4 Bg7 9. Be3 0-0 10. Qd1 a5 1/2-1/2

[Event "Vellmar op 11th"]
[Site "Vellmar"]
[Date "2019.07.06"]
[Round "4"]
[White "Bornholdt, Joa Max"]
[Black "Simukov, Erik"]
[Result "1/2-1/2"]
[WhiteElo "1710"]
[BlackElo "1893"]
[PlyCount "45"]
[EventDate "2019.07.04"]
[EventType "swiss"]
[EventRounds "7"]
[EventCountry "GER"]
[SourceTitle "CBM 191 Extra"]
[Source "ChessBase"]
[SourceDate "2019.09.30"]
[SourceVersion "1"]
[SourceVersionDate "2019.09.30"]
[SourceQuality "1"]

1. d4 d5 2. c4 e6 3. Nc3 Nf6 4. cxd5 exd5 5. Bg5 c6 6. e3 Be7 7. Bd3 0-0 8. Qc2 Nbd7 9. Nf3 Re8 10. h3 Nf8 11. Bf4 Ne6 12. Bh2 g6 13. 0-0 Ng7 14. Rab1 Bf5 15. b4 a6 16. a4 Bxd3 17. Qxd3 Nf5 18. Qc2 Bd6 19. Be5 Bxe5 20. Nxe5 Nd6 21. b5 axb5 22. axb5 c5 23. dxc5 1/2-1/2

[Event "GER-ch U14"]
[Site "Willingen"]
[Date "2019.06.09"]
[Round "1"]
[White "Kolmykov, Egor"]
[Black "Simukov, Erik"]
[Result "0-1"]
[WhiteElo "1592"]
[BlackElo "1904"]
[PlyCount "72"]
[EventDate "2019.06.08"]
[EventType "swiss"]
[EventRounds "9"]
[EventCountry "GER"]
[SourceTitle "CBM 191 Extra"]
[Source "ChessBase"]
[SourceDate "2019.09.30"]
[SourceVersion "1"]
[SourceVersionDate "2019.09.30"]
[SourceQuality "1"]

1. e4 e5 2. d4 exd4 3. Qxd4 Nc6 4. Qe3 d6 5. Nc3 Be6 6. Bd2 Qd7 7. 0-0-0 0-0-0 8. f4 f5 9. Bb5 a6 10. Bxc6 Qxc6 11. Nf3 fxe4 12. Nd4 Qd7 13. Qxe4 Bg4 14. Rde1 Nf6 15. Qd3 c5 16. Nf3 Bf5 17. Qc4 d5 18. Qa4 Qxa4 19. Nxa4 b5 20. Ba5 bxa4 21. Bxd8 Kxd8 22. Ng5 Kd7 23. Nf7 Rg8 24. h3 Be4 25. Rh2 c4 26. g4 a3 27. c3 axb2+ 28. Kxb2 Bc5 29. Rd2 Rb8+ 30. Ka1 Be3 31. Rdd1 Bxf4 32. g5 Ke7 33. gxf6+ Kxf7 34. fxg7 Kxg7 35. a4 Rb3 36. Rg1+ Kf6 0-1

[Event "GER-ch U14"]
[Site "Willingen"]
[Date "2019.06.09"]
[Round "2"]
[White "Simukov, Erik"]
[Black "Gallasch, Jonas"]
[Result "1-0"]
[WhiteElo "1904"]
[BlackElo "2137"]
[PlyCount "115"]
[EventDate "2019.06.08"]
[EventType "swiss"]
[EventRounds "9"]
[EventCountry "GER"]
[SourceTitle "CBM 191 Extra"]
[Source "ChessBase"]
[SourceDate "2019.09.30"]
[SourceVersion "1"]
[SourceVersionDate "2019.09.30"]
[SourceQuality "1"]

1. e4 c6 2. d4 d5 3. Nd2 dxe4 4. Nxe4 Bf5 5. Ng3 Bg6 6. Nh3 e6 7. Nf4 Bd6 8. c3 Nf6 9. h4 Qc7 10. Qf3 Nbd7 11. h5 Bc2 12. h6 g6 13. Bd3 Bxd3 14. Nxd3 0-0 15. Bg5 Be7 16. 0-0 Rfe8 17. Rfe1 Nd5 18. Bxe7 Rxe7 19. Ne4 f5 20. Nec5 Nxc5 21. Nxc5 Rae8 22. Nd3 Nf6 23. Ne5 Nd7 24. Nxd7 Rxd7 25. Re5 Rd5 26. Rae1 Rxe5 27. Rxe5 Qd8 28. Qe3 Kf7 29. Kf1 Qf6 30. c4 Re7 31. Ke1 g5 32. g4 f4 33. Qe4 Qg6 34. Qxg6+ Kxg6 35. Ke2 Kf6 36. Kf3 Rd7 37. Ke4 Rd8 38. b4 Rd7 39. a4 Rc7 40. Kd3 b6 41. c5 b5 42. axb5 cxb5 43. Ke4 Re7 44. c6 a6 45. Rc5 Rc7 46. d5 exd5+ 47. Kxd5 Ke7 48. Ke5 Rc8 49. Kf5 Kd6 50. Kxg5 Rxc6 51. Rxc6+ Kxc6 52. Kxf4 Kd7 53. Ke5 Ke7 54. g5 Kf7 55. f4 Kg6 56. f5+ Kxg5 57. f6 Kxh6 58. Ke6 1-0

[Event "GER-ch U14"]
[Site "Willingen"]
[Date "2018.05.26"]
[Round "9"]
[White "Svane, Frederik"]
[Black "Simukov, Erik"]
[Result "1-0"]
[WhiteElo "2216"]
[BlackElo "1839"]
[PlyCount "93"]
[EventDate "2018.05.19"]
[EventType "swiss"]
[EventRounds "9"]
[EventCountry "GER"]
[SourceTitle "CBM 184 Extra"]
[Source "ChessBase"]
[SourceDate "2018.06.28"]
[SourceVersion "1"]
[SourceVersionDate "2018.06.28"]
[SourceQuality "1"]

1. e4 e5 2. Nf3 Nc6 3. Bb5 a6 4. Ba4 Nf6 5. 0-0 Be7 6. d3 b5 7. Bb3 d6 8. a3 0-0 9. Nc3 Bg4 10. Be3 Nd4 11. Bxd4 exd4 12. Nd5 Nxd5 13. Bxd5 Rc8 14. h3 Bd7 15. Qd2 c6 16. Bb3 Bf6 17. a4 c5 18. axb5 axb5 19. Bd5 Be6 20. Bxe6 fxe6 21. Ra6 Ra8 22. Rfa1 Rxa6 23. Rxa6 Qc7 24. Qa5 Qxa5 25. Rxa5 b4 26. e5 Be7 27. exd6 Bxd6 28. Ra6 Bf4 29. Rxe6 b3 30. cxb3 Rb8 31. g3 Bh6 32. Rc6 Rxb3 33. Rxc5 g6 34. Rc8+ Kf7 35. Rc2 Kg8 36. Nxd4 Rxd3 37. Ne2 Rb3 38. Kf1 Bg7 39. Nc3 Kf7 40. Ke2 Ke6 41. Kd3 Bxc3 42. bxc3 Kd5 43. Ra2 Kc5 44. Ra5+ Kb6 45. Kc2 Rxc3+ 46. Kxc3 Kxa5 47. Kc4 1-0

[Event "Korbach op 9th"]
[Site "Korbach"]
[Date "2017.10.22"]
[Round "6"]
[White "Held, Martin"]
[Black "Simukov, Erik"]
[Result "1-0"]
[WhiteElo "1821"]
[BlackElo "1621"]
[PlyCount "53"]
[EventDate "2017.10.19"]
[EventType "swiss"]
[EventRounds "7"]
[EventCountry "GER"]
[SourceTitle "CBM 181 Extra"]
[Source "ChessBase"]
[SourceDate "2017.12.12"]
[SourceVersion "1"]
[SourceVersionDate "2017.12.12"]
[SourceQuality "1"]

1. e4 e5 2. Nf3 Nc6 3. Bc4 Bc5 4. c3 Nf6 5. d4 exd4 6. cxd4 Bb4+ 7. Nc3 Nxe4 8. 0-0 Bxc3 9. d5 Bf6 10. Re1 Ne7 11. Rxe4 d6 12. Bg5 Bxg5 13. Nxg5 h6 14. Qe2 hxg5 15. Re1 Be6 16. dxe6 f6 17. Re3 c6 18. Rh3 Rxh3 19. gxh3 g6 20. Rd1 Nf5 21. Bd3 Ke7 22. Bxf5 gxf5 23. Qd3 Qc7 24. Qxf5 Rh8 25. Qg6 Rh4 26. Qg7+ Kd8 27. Qf8# 1-0

[Event "Korbach op 9th"]
[Site "Korbach"]
[Date "2017.10.22"]
[Round "7"]
[White "Simukov, Erik"]
[Black "Achermann, Didier"]
[Result "1-0"]
[WhiteElo "1621"]
[BlackElo "1811"]
[PlyCount "77"]
[EventDate "2017.10.19"]
[EventType "swiss"]
[EventRounds "7"]
[EventCountry "GER"]
[SourceTitle "CBM 181 Extra"]
[Source "ChessBase"]
[SourceDate "2017.12.12"]
[SourceVersion "1"]
[SourceVersionDate "2017.12.12"]
[SourceQuality "1"]

1. e4 c5 2. Nf3 d6 3. d4 cxd4 4. Nxd4 Nf6 5. Nc3 a6 6. Be2 e6 7. Be3 Be7 8. 0-0 0-0 9. f4 Nbd7 10. Bf3 Qc7 11. Kh1 Nb6 12. Qe1 Nc4 13. Bc1 Nd7 14. b3 Ncb6 15. Bb2 Bf6 16. Qd2 Re8 17. a4 Nf8 18. a5 Nbd7 19. g4 Ng6 20. g5 Be7 21. f5 Ngf8 22. Bh5 g6 23. Be2 Ne5 24. f6 Bd8 25. Qe3 h5 26. Rf4 Nh7 27. Qg3 Nd7 28. Rh4 Nhxf6 29. gxf6 Nxf6 30. Bxh5 Nxh5 31. Rxh5 Bf6 32. Nde2 Bd7 33. Nd5 Bxb2 34. Nxc7 Bxa1 35. Nxa8 Be5 36. Rxe5 dxe5 37. Nb6 Bc6 38. Qxe5 Rd8 39. Nd4 1-0

[Event "Korbach op 9th"]
[Site "Korbach"]
[Date "2017.10.20"]
[Round "2"]
[White "Simukov, Erik"]
[Black "Lehmann, Tim"]
[Result "1/2-1/2"]
[WhiteElo "1621"]
[BlackElo "1865"]
[PlyCount "75"]
[EventDate "2017.10.19"]
[EventType "swiss"]
[EventRounds "7"]
[EventCountry "GER"]
[SourceTitle "CBM 181 Extra"]
[Source "ChessBase"]
[SourceDate "2017.12.12"]
[SourceVersion "1"]
[SourceVersionDate "2017.12.12"]
[SourceQuality "1"]

1. e4 c5 2. Nf3 d6 3. d4 cxd4 4. Nxd4 Nf6 5. Nc3 a6 6. Be2 e5 7. Nb3 Be6 8. f4 exf4 9. Bxf4 Nc6 10. 0-0 Be7 11. Nd5 Nxe4 12. Nxe7 Qxe7 13. Bf3 Bxb3 14. axb3 0-0-0 15. Re1 f5 16. Qd5 Qd7 17. Bxe4 fxe4 18. Rxe4 Rhe8 19. Rae1 Rxe4 20. Qxe4 h6 21. h3 Kc7 22. c4 b6 23. Qe3 Kb7 24. Rd1 g5 25. Bxd6 Re8 26. Qd2 Qe6 27. Bg3 Rd8 28. Bd6 Re8 29. Kh1 g4 30. hxg4 Qxg4 31. Rf1 Qh5+ 32. Kg1 Rd8 33. Qf4 Rd7 34. b4 b5 35. c5 Qd5 36. Qg4 Rf7 37. Rd1 Qf5 38. Qh4 1/2-1/2

[Event "GER-ch U12"]
[Site "Willingen"]
[Date "2017.06.10"]
[Round "11"]
[White "Haufe, Laurin"]
[Black "Simukov, Erik"]
[Result "1-0"]
[WhiteElo "1647"]
[BlackElo "1755"]
[PlyCount "55"]
[EventDate "2017.06.04"]
[EventType "swiss"]
[EventRounds "11"]
[EventCountry "GER"]
[SourceTitle "CBM 178 Extra"]
[Source "ChessBase"]
[SourceDate "2017.06.22"]
[SourceVersion "1"]
[SourceVersionDate "2017.06.22"]
[SourceQuality "1"]

1. e4 e5 2. Nf3 Nc6 3. d4 exd4 4. Nxd4 Bc5 5. Be3 Qf6 6. c3 Nge7 7. Bc4 0-0 8. 0-0 b6 9. Qd2 Qg6 10. f3 d5 11. Bxd5 Nxd5 12. exd5 Ne5 13. Bf4 Nc4 14. Qe2 Nd6 15. Bxd6 Qxd6 16. Kh1 Bxd4 17. cxd4 Qxd5 18. Rc1 Qd6 19. Qe4 Bd7 20. Nd2 Rfe8 21. Qd3 Re7 22. Ne4 Bf5 23. Rc3 Qg6 24. Rac1 Bxe4 25. fxe4 Rxe4 26. Qd2 Rae8 27. Rxc7 Re2 28. Qxe2 1-0

[Event "GER-ch U12"]
[Site "Willingen"]
[Date "2017.06.07"]
[Round "6"]
[White "Simukov, Erik"]
[Black "Bethke, Richard"]
[Result "0-1"]
[WhiteElo "1755"]
[BlackElo "2151"]
[PlyCount "108"]
[EventDate "2017.06.04"]
[EventType "swiss"]
[EventRounds "11"]
[EventCountry "GER"]
[SourceTitle "CBM 178 Extra"]
[Source "ChessBase"]
[SourceDate "2017.06.22"]
[SourceVersion "1"]
[SourceVersionDate "2017.06.22"]
[SourceQuality "1"]

1. e4 c5 2. Nc3 Nc6 3. Bb5 Nd4 4. Bc4 g6 5. Nge2 Bg7 6. Nxd4 cxd4 7. Qf3 Nf6 8. Nb5 a6 9. Nxd4 Qc7 10. d3 h5 11. c3 e5 12. Ne2 d6 13. h3 Ke7 14. Bg5 Qb6 15. 0-0 Be6 16. Bd5 Bxd5 17. exd5 h4 18. c4 Rh5 19. Qe3 Qxe3 20. Bxe3 Nd7 21. Nc3 f5 22. f3 Rb8 23. a4 b6 24. Rfd1 g5 25. Ra3 Bf6 26. b4 Rhh8 27. Rb1 Rb7 28. Rab3 Rhb8 29. Ne2 Kf7 30. Kf1 Kg6 31. Bf2 Bd8 32. d4 Bf6 33. dxe5 Nxe5 34. Rc1 Rc8 35. Bd4 Rxc4 36. Rxc4 Nxc4 37. Bxf6 Nd2+ 38. Kf2 Nxb3 39. Bc3 Rc7 40. Ke1 Nc1 41. Bd4 Nxe2 42. Kxe2 Rc4 43. Bxb6 Rxb4 44. a5 Rb5 45. Kd3 Rxd5+ 46. Kc4 Rd2 47. Ba7 Rxg2 48. Kd5 Rg3 49. Kxd6 Rxh3 50. Kc6 Rxf3 51. Kb6 h3 52. Bb8 Rb3+ 53. Ka7 Rxb8 54. Kxb8 h2 0-1

[Event "GER-chT U14"]
[Site "Duesseldorf"]
[Date "2016.12.29"]
[Round "5.1"]
[White "Lichtmannecker, Daniel"]
[Black "Simukov, Erik"]
[Result "1-0"]
[WhiteElo "1791"]
[BlackElo "1728"]
[PlyCount "47"]
[EventDate "2016.12.27"]
[EventType "team-swiss"]
[EventRounds "7"]
[EventCountry "GER"]
[SourceTitle "EXT 2018"]
[Source "ChessBase"]
[SourceDate "2017.10.13"]
[SourceVersion "1"]
[SourceVersionDate "2017.10.13"]
[SourceQuality "1"]
[WhiteTeam "Ergolding U14"]
[BlackTeam "Kassel Caissa U14"]
[WhiteTeamCountry "GER"]
[BlackTeamCountry "GER"]

1. d4 d5 2. Nf3 Nf6 3. e3 e6 4. Bd3 c5 5. b3 Nc6 6. a3 Bd6 7. Bb2 0-0 8. 0-0 b6 9. Nbd2 Bb7 10. dxc5 bxc5 11. e4 Rc8 12. e5 Nxe5 13. Nxe5 Qc7 14. Ndf3 d4 15. Re1 Rfd8 16. h3 h6 17. Bc1 Nd5 18. Bd2 f6 19. Nc4 Bf4 20. Rxe6 Qf7 21. Re1 Qh5 22. Be4 Bb8 23. Nh2 Qh4 24. Qf3 1-0

[Event "GER-ch U12"]
[Site "Willingen"]
[Date "2016.05.20"]
[Round "10"]
[White "Hetzner, Hannes"]
[Black "Simukov, Erik"]
[Result "0-1"]
[WhiteElo "1572"]
[BlackElo "1489"]
[PlyCount "64"]
[EventDate "2016.05.15"]
[EventType "swiss"]
[EventRounds "11"]
[EventCountry "GER"]
[SourceTitle "CBM 172 Extra"]
[Source "ChessBase"]
[SourceDate "2016.06.21"]
[SourceVersion "1"]
[SourceVersionDate "2016.06.21"]
[SourceQuality "1"]

1. e4 e5 2. Nf3 Nc6 3. Bb5 a6 4. Bxc6 dxc6 5. 0-0 Nf6 6. Re1 Bd6 7. d4 Bg4 8. dxe5 Bxf3 9. Qxf3 Bxe5 10. Nd2 b5 11. Nb3 0-0 12. c3 Re8 13. Bf4 Bxf4 14. Qxf4 Qe7 15. f3 Rac8 16. Rad1 Nd7 17. Nd4 Ne5 18. Qg3 c5 19. Nf5 Qf6 20. Rd5 c4 21. Red1 Nd3 22. Nxg7 Qb6+ 23. Rd4 Kh8 24. Nxe8 Rxe8 25. Kh1 Rg8 26. Qh4 b4 27. R4xd3 cxd3 28. Rxd3 bxc3 29. Qe1 cxb2 30. Rb3 Qd6 31. Qb1 Rd8 32. Rxb2 Qd1+ 0-1

[Event "GER-ch U12"]
[Site "Willingen"]
[Date "2016.05.19"]
[Round "8"]
[White "Ewerhardy, Moritz"]
[Black "Simukov, Erik"]
[Result "0-1"]
[WhiteElo "1387"]
[BlackElo "1489"]
[PlyCount "108"]
[EventDate "2016.05.15"]
[EventType "swiss"]
[EventRounds "11"]
[EventCountry "GER"]
[SourceTitle "CBM 172 Extra"]
[Source "ChessBase"]
[SourceDate "2016.06.21"]
[SourceVersion "1"]
[SourceVersionDate "2016.06.21"]
[SourceQuality "1"]

1. d4 d5 2. c4 e6 3. Nc3 Nf6 4. Bf4 Be7 5. Nf3 0-0 6. e3 c6 7. cxd5 exd5 8. Bd3 Nbd7 9. 0-0 Re8 10. Rc1 Nf8 11. Ne5 Ne6 12. Bg3 g6 13. Qf3 Ng7 14. Rfd1 Bf5 15. Qe2 Bxd3 16. Rxd3 Nf5 17. h3 Nxg3 18. fxg3 Bd6 19. Ng4 Bxg3 20. Qf3 Nxg4 21. Qxg3 Nh6 22. Qf4 Nf5 23. Rf1 Qe7 24. Rf3 Rad8 25. Qg4 Nd6 26. b3 Ne4 27. Nb1 Qg5 28. Qxg5 Nxg5 29. Rg3 Ne4 30. Rf3 Rd6 31. Nc3 Rde6 32. Kf1 Kf8 33. Ke2 Ke7 34. Rf4 Nd6 35. g4 f5 36. g5 Kf7 37. Na4 Ne4 38. h4 b6 39. Nc3 Rc8 40. Nxe4 dxe4 41. Rc3 Ke7 42. b4 Kd7 43. a3 Rd6 44. Kd2 c5 45. bxc5 bxc5 46. h5 cxd4 47. Rxc8 dxe3+ 48. Kxe3 Rd3+ 49. Ke2 Kxc8 50. hxg6 hxg6 51. Rh4 Rxa3 52. Rh8+ Kd7 53. Rh7+ Ke6 54. Rg7 f4 0-1

[Event "GER-ch U12"]
[Site "Willingen"]
[Date "2016.05.18"]
[Round "7"]
[White "Simukov, Erik"]
[Black "Bress, Aaron"]
[Result "0-1"]
[WhiteElo "1489"]
[BlackElo "1604"]
[PlyCount "104"]
[EventDate "2016.05.15"]
[EventType "swiss"]
[EventRounds "11"]
[EventCountry "GER"]
[SourceTitle "CBM 172 Extra"]
[Source "ChessBase"]
[SourceDate "2016.06.21"]
[SourceVersion "1"]
[SourceVersionDate "2016.06.21"]
[SourceQuality "1"]

1. e4 c5 2. Nc3 e6 3. Bc4 a6 4. a3 Qc7 5. Nge2 Nf6 6. d3 Be7 7. 0-0 0-0 8. f4 b5 9. Ba2 d6 10. Ng3 Nbd7 11. Qe1 Rb8 12. Qe2 a5 13. a4 bxa4 14. Nxa4 Nb6 15. Nc3 Bd7 16. Bd2 Rb7 17. Nd1 Ra8 18. Ne3 a4 19. f5 a3 20. bxa3 Rxa3 21. fxe6 Rba7 22. exd7 Rxa2 23. Rxa2 Rxa2 24. Ngf5 Qxd7 25. Qf3 Kh8 26. Qg3 Bf8 27. Qh4 Qe6 28. Rf3 Nbd7 29. Rh3 g6 30. Bc3 Ne5 31. Nd5 Nh5 32. Nf4 Qf6 33. Qxf6+ Nxf6 34. Ne3 Bg7 35. Bxe5 dxe5 36. Ne2 Kg8 37. Nc3 Rb2 38. Na4 Rb5 39. c4 Ra5 40. Nc3 Ra3 41. Ned5 Nxd5 42. Nxd5 Kf8 43. Rf3 h5 44. Kf2 Ra2+ 45. Kg3 Bh6 46. Nf6 Bf4+ 47. Kh3 Kg7 48. Nd7 g5 49. Rf1 g4+ 50. Kh4 Kh6 51. Rh1 Rxg2 52. Nxc5 Bg5# 0-1

[Event "GER-ch U10"]
[Site "Willingen"]
[Date "2015.05.30"]
[Round "11"]
[White "Simukov, Erik"]
[Black "Schubert, Nikita"]
[Result "0-1"]
[WhiteElo "1422"]
[BlackElo "1216"]
[PlyCount "74"]
[EventDate "2015.05.24"]
[EventType "swiss"]
[EventRounds "11"]
[EventCountry "GER"]
[SourceTitle "CBM 166 Extra"]
[Source "ChessBase"]
[SourceDate "2015.06.18"]
[SourceVersion "1"]
[SourceVersionDate "2015.06.18"]
[SourceQuality "1"]

1. e4 e5 2. Nf3 Nc6 3. Bb5 a6 4. Ba4 b5 5. Bb3 Nf6 6. 0-0 Be7 7. Re1 0-0 8. c3 Bb7 9. d4 d6 10. Nbd2 Qd7 11. Nf1 Rad8 12. Ng3 h6 13. Nf5 Rfe8 14. N3h4 Nh7 15. Qh5 Bxh4 16. Qg6 Bf6 17. Bxf7+ Kh8 18. Bxe8 Qxe8 19. Qxe8+ Rxe8 20. d5 Ne7 21. Nxe7 Rxe7 22. a4 bxa4 23. Rxa4 Ng5 24. Rb4 c6 25. dxc6 Bxc6 26. f3 Rb7 27. Rc4 Bb5 28. Rb4 Rc7 29. Rd1 Be7 30. Re1 Ne6 31. Rb3 Nc5 32. Ra3 Nd3 33. Rd1 d5 34. Ra1 Bc5+ 35. Kf1 Nxc1+ 36. Ke1 Nd3+ 37. Kd2 Nxb2 0-1